Squadre con la Peggior difesa in Serie A - Statistics

Statistiche generali
  • Questo quiz è stato fatto 15 volte
  • Il punteggio medio è 38 su 53
Statistiche sulle risposte
Stagioni con la peggior difesa Squadra % Corretto
1 Bologna
93%
2 Genoa
93%
1 Hellas Verona
93%
6 Lecce
93%
4 Sampdoria
93%
2 Torino
93%
4 Udinese
93%
3 Venezia
93%
3 Bari
86%
1 Brescia
86%
1 Cagliari
86%
2 Como
86%
3 Fiorentina
86%
1 Frosinone
86%
3 Lazio
86%
4 Palermo
86%
2 Parma
86%
6 Pescara
86%
1 Atalanta
79%
2 Catania
79%
1 Chievo
79%
2 Napoli
79%
1 Reggiana
79%
1 Salernitana
79%
1 Ascoli
71%
1 Catanzaro
71%
1 Cesena
71%
2 Cremonese
71%
1 Empoli
71%
3 Livorno
71%
2 Modena
71%
1 Padova
71%
1 Reggina
71%
3 Vicenza
71%
1 Ancona
64%
1 Benevento
64%
1 Crotone
64%
1 Foggia
64%
1 Novara
64%
1 Pro Vercelli
64%
1 Ternana
64%
2 Triestina
64%
2 Casale
57%
1 Messina
57%
1 Piacenza
57%
1 Siena
57%
2 Varese
57%
1 Lecco
50%
3 Pro Patria
50%
1 Alessandria
43%
2 Lucchese
43%
2 Legnano
29%
1 Pistoiese
29%
Nessun quiz corrispondente trovato
Distribuzione punteggi
Percentuale di utenti per punteggio
Percentile per numero di risposta
I tuoi punteggi nel tempo
Non hai fatto questo quiz